[Event "Stay Safe Play From Home 206"]
[Site "T#646635Emanuel Laske"]
[Date "2020.06.07"]
[Round "2"]
[White "EL sanbary"]
[Black "NeatFox"]
[Result "1-0"]
[WhiteElo "1912"]
[BlackElo "1808"]
[Annotator "RC"]
[PlyCount "57"]
[EventDate "2020.06.07"]
[EventType "swiss (blitz)"]

1. c4 {[%emt 0:00:02]} b6 {[%emt 0:00:00]} 2. e4 {[%emt 0:00:01]} c5 {[%emt 0:00:00]} 3. Nc3 {[%emt 0:00:01]} Bb7 {[%emt 0:00:00]} 4. g3 {[%emt 0:00:01]} Nf6 {[%emt 0:00:00]} 5. Bg2 {[%emt 0:00:01]} e6 {[%emt 0:00:01]} 6. Nge2 {[%emt 0:00:01]} d5 {[%emt 0:00:01]} 7. cxd5 {[%emt 0:00:01]} exd5 {[%emt 0:00:00]} 8. e5 {[%emt 0:00:01]} Ne4 {[%emt 0:00:01]} 9. Nxe4 {[%emt 0:00:03]} dxe4 {[%emt 0:00:00]} 10. Qc2 {[%emt 0:00:02]} Qe7 {[%emt 0:00:04]} 11. Bxe4 {[%emt 0:00:02]} Nc6 {[%emt 0:00:01]} 12. f4 {[%emt 0:00:03]} Rd8 {[%emt 0:00:01]} 13. O-O {[%emt 0:00:02]} Qc7 {[%emt 0:00:01]} 14. d3 {[%emt 0:00:03]} Nb4 {[%emt 0:00:01]} 15. Qc3 {[%emt 0:00:03]} Nd5 {[%emt 0:00:02]} 16. Qc2 {[%emt 0:00:02]} Nb4 {[%emt 0:00:01]} 17. Qb1 {[%emt 0:00:01]} Ba6 {[%emt 0:00:02]} 18. Rd1 {[%emt 0:00:05]} Be7 {[%emt 0:00:03]} 19. Nc3 {[%emt 0:00:02]} Nc6 {[%emt 0:00:02]} 20. Be3 {[%emt 0:00:01]} O-O {[%emt 0:00:02]} 21. Qc2 {[%emt 0:00:01]} g6 {[%emt 0:00:01]} 22. Qf2 {[%emt 0:00:02]} Nb4 {[%emt 0:00:01]} 23. f5 {[%emt 0:00:01]} Rc8 {[%emt 0:00:05]} 24. f6 {[%emt 0:00:03]} Bd8 {[%emt 0:00:03]} 25. Qf4 {[%emt 0:00:01]} Bxf6 {[%emt 0:00:05]} 26. Qxf6 {[%emt 0:00:02]} Qc6 {[%emt 0:00:04]} 27. Bxc6 {[%emt 0:00:03]} Nxc6 {[%emt 0:00:01]} 28. Bh6 {[%emt 0:00:02]} Nxe5 {[%emt 0:00:01]} 29. Qg7# {[%emt 0:00:01] (Lag: Av=0.42s, max=0.8s)} 1-0

[Event "Stay Safe Play From Home 206"]
[Site "T#646635Emanuel Laske"]
[Date "2020.06.07"]
[Round "2"]
[White "Trotsky"]
[Black "SecantFX"]
[Result "1-0"]
[WhiteElo "1582"]
[BlackElo "1844"]
[Annotator "NA RC"]
[PlyCount "29"]
[EventDate "2020.06.07"]
[EventType "swiss (blitz)"]

1. d4 {[%emt 0:00:01]} b6 {[%emt 0:00:00]} 2. e3 {[%emt 0:00:00]} Bb7 {[%emt 0:00:00]} 3. c4 {[%emt 0:00:01]} g6 {[%emt 0:00:00]} 4. Nc3 {[%emt 0:00:01]} Bg7 {[%emt 0:00:00]} 5. Qc2 {[%emt 0:00:00]} e6 {[%emt 0:00:00]} 6. f3 {[%emt 0:00:00]} Ne7 {[%emt 0:00:00]} 7. Bd3 {[%emt 0:00:01]} O-O {[%emt 0:00:00]} 8. Bd2 {[%emt 0:00:01]} c6 {[%emt 0:00:00]} 9. h4 {[%emt 0:00:01]} d5 {[%emt 0:00:00]} 10. Nh3 {[%emt 0:00:01]} h5 {[%emt 0:00:01]} 11. Ng5 {[%emt 0:00:01]} Nf5 {[%emt 0:00:01]} 12. g4 {[%emt 0:00:01]} Ng3 {[%emt 0:00:01]} 13. Bxg6 {[%emt 0:00:02]} fxg6 {[%emt 0:00:01]} 14. Qxg6 {[%emt 0:00:01]} Nxh1 {[%emt 0:00:02]} 15. Qh7# {[%emt 0:00:01] (Lag: Av=0.29s, max=0.4s)} 1-0

[Event "Stay Safe Play From Home 206"]
[Site "T#646635Emanuel Laske"]
[Date "2020.06.07"]
[Round "2"]
[White "Möwe"]
[Black "Little champs"]
[Result "0-1"]
[WhiteElo "1484"]
[BlackElo "2230"]
[Annotator "TA"]
[PlyCount "52"]
[EventDate "2020.06.07"]
[EventType "swiss (blitz)"]

{[%evp 9,52,18,30,28,33,0,14,17,24,-5,5,-11,43,36,26,14,20,16,34,20,20,-11,3,0,1,0,30,6,134,164,234,223,363,368,368,82,634,-232,-234,-231,-206,-324,-320,-526,-428]} 1. e4 c6 2. Nf3 d5 3. exd5 cxd5 4. d4 e6 5. c4 Nf6 6. cxd5 {B13: Caro-Kann: Exchange Variation and Panov-Botvinnik Attack.} exd5 7. Bg5 Be7 8. Bb5+ {The position is equal.} Bd7 9. Nc3 {[#]} (9. Bxd7+ {looks sharper.} Nbxd7 10. O-O O-O 11. Nc3 Re8 12. Qb3) 9... O-O $146 ({Predecessor:} 9... Bxb5 10. Nxb5 Qa5+ 11. Nc3 O-O 12. O-O Nbd7 13. Qb3 Bb4 14. Ne5 Bxc3 15. bxc3 Nxe5 16. dxe5 Ne4 17. Be7 Rfe8 18. Bb4 Qc7 19. h3 Nd2 20. Bd6 Qc6 {1-0 (37) Saur,M-Hamhaber,T Leimen 2001}) 10. O-O a6 (10... Bxb5 $11 11. Nxb5 h6) 11. Bxd7 $14 Nbxd7 12. Re1 h6 13. Bh4 Re8 14. Bxf6 Nxf6 15. Ne5 Bd6 16. Qf3 Qa5 17. a3 Rac8 18. b4 Qb6 (18... Qc7 $11 19. Nxd5 Nxd5 20. Qxd5 Rcd8) 19. Nxd5 $16 Nxd5 (19... Qd8 {might work better.}) 20. Qxf7+ $18 (20. Qxd5 Bxe5 21. dxe5 (21. Rxe5 Rxe5 22. Qxe5 Qc7 $14) 21... Rc2 $14) 20... Kh8 (20... Kh7 {was necessary.}) 21. Ng6+ ({But not} 21. Qxd5 Bxe5 22. dxe5 Qc6 $18) 21... Kh7 22. Qxd5 $2 {[#]} (22. Rxe8 $18 {and the rest is easy.} Rxe8 23. Qxe8) 22... Kxg6 $2 {[%mdl 8192]} (22... Bxb4 $16 23. axb4 Qxg6) 23. Rxe8 $4 {[%mdl 8192]} (23. Re6+ $18 {was the only winning move.} Kh7 24. Qe4+ (24. Rxd6 Qc7 $18) 24... Kg8 25. Rxe8+ Rxe8 26. Qxe8+ Bf8 27. d5) 23... Rxe8 $19 24. Rf1 Qc6 25. Qb3 (25. Qxc6 {was forced.} bxc6 26. g3) 25... Qe4 26. f3 $2 {[#]} (26. Qd1 {is a better defense.}) 26... Qe3+ {Accuracy: White = 48%, Black = 42%.} 0-1

[Event "Stay Safe Play From Home 206"]
[Site "T#646635Emanuel Laske"]
[Date "2020.06.07"]
[Round "2"]
[White "Epicure62"]
[Black "SoulofWolf"]
[Result "0-1"]
[WhiteElo "1414"]
[BlackElo "2166"]
[Annotator "NA RC"]
[PlyCount "42"]
[EventDate "2020.06.07"]
[EventType "swiss (blitz)"]

1. d4 {[%emt 0:00:02]} e6 {[%emt 0:00:00]} 2. Nf3 {[%emt 0:00:02]} c5 {[%emt 0:00:00]} 3. d5 {[%emt 0:00:04]} Nf6 {[%emt 0:00:00]} 4. Bg5 {[%emt 0:00:03]} exd5 {[%emt 0:00:03]} 5. Bxf6 {[%emt 0:00:03]} Qxf6 {[%emt 0:00:00]} 6. Qxd5 {[%emt 0:00:03]} Nc6 {[%emt 0:00:00]} 7. Nc3 {[%emt 0:00:04]} Nb4 {[%emt 0:00:01]} 8. Qd1 {[%emt 0:00:04]} d6 {[%emt 0:00:01]} 9. e4 {[%emt 0:00:03]} Bg4 {[%emt 0:00:02]} 10. Bb5+ {[%emt 0:00:02]} Nc6 {[%emt 0:00:03]} 11. Bxc6+ {[%emt 0:00:01]} bxc6 {[%emt 0:00:00]} 12. O-O {[%emt 0:00:04]} Be7 {[%emt 0:00:00]} 13. h3 {[%emt 0:00:03]} Bh5 {[%emt 0:00:01]} 14. g4 {[%emt 0:00:02]} Bg6 {[%emt 0:00:01]} 15. g5 {[%emt 0:00:03]} Qe6 {[%emt 0:00:02]} 16. Ne2 {[%emt 0:00:08]} Bh5 {[%emt 0:00:02]} 17. Ng3 {[%emt 0:00:01]} Bg6 {[%emt 0:00:04]} 18. Nf5 {[%emt 0:00:02]} Bxf5 {[%emt 0:00:02]} 19. exf5 {[%emt 0:00:01]} Qxf5 {[%emt 0:00:00]} 20. Nd4 {[%emt 0:00:02]} Qd7 {[%emt 0:00:01]} 21. Qe1 {[%emt 0:00:02]} Kf8 {[%emt 0:00:00] Temps (Lag: Av=0.57s, max=5.2s)} 0-1

[Event "Stay Safe Play From Home 206"]
[Site "T#646635Emanuel Laske"]
[Date "2020.06.07"]
[Round "3"]
[White "Little champs"]
[Black "Rogan"]
[Result "0-1"]
[WhiteElo "2231"]
[BlackElo "2159"]
[Annotator "TA"]
[PlyCount "26"]
[EventDate "2020.06.07"]
[EventType "swiss (blitz)"]

{[%evp 9,25,16,39,37,44,33,43,4,0,0,0,0,0,-8,-8,-5,57,-29999]} 1. d4 d5 2. e3 c6 3. Nf3 Nf6 4. Be2 Bg4 5. O-O Bxf3 6. Bxf3 {D04: Colle System.} e6 7. c4 Nbd7 8. cxd5 {White is slightly better.} exd5 9. Nc3 Bd6 {[#]} 10. e4 $146 ({Predecessor:} 10. Qc2 h5 11. e4 Bxh2+ 12. Kxh2 Ng4+ 13. Kg1 Qh4 14. Bf4 O-O-O 15. Bg3 Qg5 16. Qc1 Qxc1 17. Raxc1 dxe4 18. Nxe4 Rdf8 19. Nd6+ Kd8 20. Nxb7+ {1-0 (20) Schmitz,A (2043)-Jacobi,B (1488) Leverkusen 2011}) 10... dxe4 11. Nxe4 Nxe4 12. Bxe4 Qh4 (12... O-O $11) 13. Bb1 $2 {[%mdl 8192] [#]} (13. g3 $14 Qf6 14. d5) 13... Qxh2# 0-1

[Event "Stay Safe Play From Home 206"]
[Site "T#646635Emanuel Laske"]
[Date "2020.06.07"]
[Round "3"]
[White "SoulofWolf"]
[Black "Trotsky"]
[Result "1-0"]
[WhiteElo "2166"]
[BlackElo "1609"]
[Annotator "TA"]
[PlyCount "73"]
[EventDate "2020.06.07"]
[EventType "swiss (blitz)"]

{[%evp 10,73,0,-6,56,26,28,6,54,10,98,102,320,79,87,73,310,307,305,309,322,293,354,267,306,315,435,368,410,408,397,353,440,413,542,526,521,199,299,133,346,275,268,-371,-375,-29986,-29987,-29995,-29991,-29991,-29992,-29994,-29995,-29999,-29994,-29994,-1308,-1308,-1308,-1308,-1291,-1291,-1280,-1277,0,-1222]} 1. g3 d5 2. Nf3 e6 3. d4 c5 4. Bg2 Nc6 5. c3 Nf6 6. O-O c4 {[#] D02: 1 d4 d5 2 Nf3 sidelines, including 2...Nf6 3 g3 and 2...Nf6 3 Bf4.} ({Black should try} 6... Be7 $11) 7. a4 $146 ({Predecessor:} 7. Bg5 h6 8. Bxf6 Qxf6 9. e4 Be7 10. Nbd2 O-O 11. Ne1 Rd8 12. Nc2 dxe4 13. Nxe4 Qg6 14. Ne3 {1-0 (64) Borges Rodriguez,J (1912)-Armas Alfonso,G (2054) Santa Clara 2017}) 7... Bd6 8. Re1 Qc7 9. Qc2 Ng4 (9... Na5 $11) 10. e4 $16 h5 $2 (10... Be7 $16 {was necessary.}) 11. e5 $2 (11. exd5 $18 Ne7 12. dxe6 Bxe6 13. Ng5) 11... Be7 12. h3 Bd7 $2 (12... Nh6 $16) 13. hxg4 $18 hxg4 14. Nh2 O-O-O 15. Nxg4 f6 16. f4 fxe5 17. Nxe5 (17. dxe5 g5 $18) 17... Bd6 18. Nd2 Nxe5 19. fxe5 ({Much less strong is} 19. dxe5 Bc5+ 20. Kf1 g5 $18) 19... Be7 20. Nf3 g5 21. Bxg5 Bxg5 22. Nxg5 Rdg8 23. Nf3 $2 (23. Nf7) 23... Be8 (23... Rxg3 $142 24. Kf2 Rhg8) 24. Kf2 (24. Qf2 $18 {has better winning chances.}) 24... Bh5 $2 (24... Qg7 $16) 25. Rh1 Qg7 26. Rh3 $4 {[%mdl 8192]} (26. g4 Qxg4 27. Rag1 (27. Kf1 Rf8 $11) 27... Rf8 $11) (26. Raf1 $18) 26... Bxf3 $1 $19 27. Rxh8 $2 {[#]} (27. Rah1 $19 Rxh3 28. Rxh3) 27... Qxg3+ {[%mdl 64] Double Attack} 28. Ke3 Bxg2+ 29. Kd2 Rxh8 30. Kc1 Rh1+ 31. Kd2 Be4 {[%cal Rg3f2]} 32. Rxh1 Bxc2 (32... Qf2+ $142 33. Kd1 Qxc2+ 34. Ke1 Bxh1 35. a5 Bf3 36. Kf1 Qg2+ 37. Ke1 Qe2#) 33. Rh8+ Kc7 {[#] ( -> ...Qf2+)} 34. Kxc2 Qd3+ 35. Kc1 Qf1+ 36. Kc2 Qd3+ 37. Kc1 {[%mdl 32768] Accuracy: White = 48%, Black = 22%. . Sensor Board Error (Ke4/e5)?} 1-0

[Event "Stay Safe Play From Home 206"]
[Site "T#646635Emanuel Laske"]
[Date "2020.06.07"]
[Round "3"]
[White "Fischer_11"]
[Black "Cubail"]
[Result "1-0"]
[WhiteElo "2033"]
[BlackElo "1366"]
[Annotator "NA RC"]
[PlyCount "57"]
[EventDate "2020.06.07"]
[EventType "swiss (blitz)"]

1. e4 {[%emt 0:00:01]} f5 {[%emt 0:00:01]} 2. Nc3 {[%emt 0:00:01]} fxe4 {[%emt 0:00:02]} 3. Nxe4 {[%emt 0:00:00]} Nf6 {[%emt 0:00:01]} 4. Nxf6+ {[%emt 0:00:01]} exf6 {[%emt 0:00:01]} 5. Nf3 {[%emt 0:00:00]} Bc5 {[%emt 0:00:02]} 6. g3 {[%emt 0:00:00]} O-O {[%emt 0:00:01]} 7. Bg2 {[%emt 0:00:00]} d5 {[%emt 0:00:01]} 8. O-O {[%emt 0:00:01]} Bg4 {[%emt 0:00:01]} 9. d4 {[%emt 0:00:00]} Bd6 {[%emt 0:00:03]} 10. c3 {[%emt 0:00:00]} Nd7 {[%emt 0:00:02]} 11. Re1 {[%emt 0:00:00]} c6 {[%emt 0:00:01]} 12. h3 {[%emt 0:00:04]} Bxf3 {[%emt 0:00:05]} 13. Qxf3 {[%emt 0:00:01]} Qc7 {[%emt 0:00:02]} 14. Bf4 {[%emt 0:00:00]} Rae8 {[%emt 0:00:02]} 15. Bxd6 {[%emt 0:00:02]} Qxd6 {[%emt 0:00:01]} 16. Re3 {[%emt 0:00:01]} Nb6 {[%emt 0:00:03]} 17. Rae1 {[%emt 0:00:03]} Rxe3 {[%emt 0:00:02]} 18. Qxe3 {[%emt 0:00:00]} Nc4 {[%emt 0:00:02]} 19. Qe7 {[%emt 0:00:01]} Qxe7 {[%emt 0:00:07]} 20. Rxe7 {[%emt 0:00:00]} Nxb2 {[%emt 0:00:01]} 21. Rxb7 {[%emt 0:00:01]} Nd3 {[%emt 0:00:02]} 22. Rxa7 {[%emt 0:00:01]} Re8 {[%emt 0:00:02]} 23. Bf3 {[%emt 0:00:03]} Re1+ {[%emt 0:00:03]} 24. Kg2 {[%emt 0:00:01]} Rc1 {[%emt 0:00:04]} 25. g4 {[%emt 0:00:02]} Rxc3 {[%emt 0:00:01]} 26. a4 {[%emt 0:00:02]} Rc2 {[%emt 0:00:01]} 27. a5 {[%emt 0:00:00]} Rxf2+ {[%emt 0:00:01]} 28. Kg3 {[%emt 0:00:01]} g5 {[%emt 0:00:01]} 29. Rc7 {[%emt 0:00:02] Time (Lag: Av=0.28s, max=0.8s)} 1-0

[Event "Stay Safe Play From Home 206"]
[Site "T#646635Emanuel Laske"]
[Date "2020.06.07"]
[Round "3"]
[White "Sfantul321"]
[Black "Tumnik_ad"]
[Result "0-1"]
[WhiteElo "2001"]
[BlackElo "1951"]
[Annotator "NA RC"]
[PlyCount "98"]
[EventDate "2020.06.07"]
[EventType "swiss (blitz)"]

1. c4 {[%emt 0:00:01]} e6 {[%emt 0:00:00]} 2. Nc3 {[%emt 0:00:00]} b6 {[%emt 0:00:00]} 3. d4 {[%emt 0:00:01]} Bb7 {[%emt 0:00:00]} 4. e4 {[%emt 0:00:00]} Bb4 {[%emt 0:00:00]} 5. f3 {[%emt 0:00:01]} Nh6 {[%emt 0:00:02]} 6. Bd3 {[%emt 0:00:01]} O-O {[%emt 0:00:02]} 7. Bxh6 {[%emt 0:00:01]} Qh4+ {[%emt 0:00:01]} 8. g3 {[%emt 0:00:01]} Qxh6 {[%emt 0:00:00]} 9. Qd2 {[%emt 0:00:01]} Qxd2+ {[%emt 0:00:01]} 10. Kxd2 {[%emt 0:00:01]} f5 {[%emt 0:00:00]} 11. Nge2 {[%emt 0:00:03]} fxe4 {[%emt 0:00:01]} 12. fxe4 {[%emt 0:00:01]} Nc6 {[%emt 0:00:00]} 13. Ke3 {[%emt 0:00:01]} Be7 {[%emt 0:00:02]} 14. Rhf1 {[%emt 0:00:04]} Bg5+ {[%emt 0:00:01]} 15. Nf4 {[%emt 0:00:01]} e5 {[%emt 0:00:04]} 16. dxe5 {[%emt 0:00:01]} Nxe5 {[%emt 0:00:00]} 17. Be2 {[%emt 0:00:02]} Ba6 {[%emt 0:00:03]} 18. b3 {[%emt 0:00:02]} d6 {[%emt 0:00:04]} 19. Ncd5 {[%emt 0:00:01]} Rac8 {[%emt 0:00:04]} 20. h4 {[%emt 0:00:02]} Bxf4+ {[%emt 0:00:01]} 21. gxf4 {[%emt 0:00:02]} Ng6 {[%emt 0:00:00]} 22. h5 {[%emt 0:00:02]} c6 {[%emt 0:00:01]} 23. hxg6 {[%emt 0:00:01]} cxd5 {[%emt 0:00:01]} 24. gxh7+ {[%emt 0:00:01]} Kxh7 {[%emt 0:00:01]} 25. exd5 {[%emt 0:00:04]} Rfe8+ {[%emt 0:00:01]} 26. Kd2 {[%emt 0:00:01]} Re4 {[%emt 0:00:01]} 27. Bd3 {[%emt 0:00:01]} Rce8 {[%emt 0:00:05]} 28. Rae1 {[%emt 0:00:03]} Kg8 {[%emt 0:00:01]} 29. Rxe4 {[%emt 0:00:01]} Rf8 {[%emt 0:00:00]} 30. Re7 {[%emt 0:00:02]} Bc8 {[%emt 0:00:01]} 31. f5 {[%emt 0:00:01]} g6 {[%emt 0:00:02]} 32. f6 {[%emt 0:00:02]} Rf7 {[%emt 0:00:02]} 33. Bxg6 {[%emt 0:00:02]} Rf8 {[%emt 0:00:00]} 34. Rg1 {[%emt 0:00:03]} Rxf6 {[%emt 0:00:04]} 35. Re8+ {[%emt 0:00:01]} Rf8 {[%emt 0:00:03]} 36. Rxf8+ {[%emt 0:00:01]} Kxf8 {[%emt 0:00:00]} 37. Rf1+ {[%emt 0:00:01]} Ke7 {[%emt 0:00:00]} 38. Bf5 {[%emt 0:00:00]} Bb7 {[%emt 0:00:02]} 39. Be6 {[%emt 0:00:01]} Kd8 {[%emt 0:00:00]} 40. Rf7 {[%emt 0:00:01]} Bc8 {[%emt 0:00:02]} 41. Rf8+ {[%emt 0:00:01]} Ke7 {[%emt 0:00:01]} 42. Rxc8 {[%emt 0:00:00]} b5 {[%emt 0:00:01]} 43. Rc7+ {[%emt 0:00:01]} Kf6 {[%emt 0:00:01]} 44. Rxa7 {[%emt 0:00:00]} Ke5 {[%emt 0:00:00]} 45. cxb5 {[%emt 0:00:01]} Kd4 {[%emt 0:00:00]} 46. b6 {[%emt 0:00:00]} Kc5 {[%emt 0:00:00]} 47. b7 {[%emt 0:00:00]} Kb4 {[%emt 0:00:02]} 48. b8=Q+ {[%emt 0:00:00]} Kc5 {[%emt 0:00:01]} 49. Rc7+ {[%emt 0:00:01]} Kd4 {[%emt 0:00:00] Time (Lag: Av=0.30s, max=0.5s) .} 0-1

[Event "Stay Safe Play From Home 206"]
[Site "T#646635Emanuel Laske"]
[Date "2020.06.07"]
[Round "3"]
[White "SecantFX"]
[Black "Epicure62"]
[Result "1-0"]
[WhiteElo "1816"]
[BlackElo "1413"]
[Annotator "NA RC"]
[PlyCount "51"]
[EventDate "2020.06.07"]
[EventType "swiss (blitz)"]

1. g3 {[%emt 0:00:01]} d6 {[%emt 0:00:01]} 2. Bg2 {[%emt 0:00:00]} g6 {[%emt 0:00:02]} 3. f4 {[%emt 0:00:00]} Bg7 {[%emt 0:00:03]} 4. Nf3 {[%emt 0:00:00]} Nf6 {[%emt 0:00:01]} 5. c3 {[%emt 0:00:00]} O-O {[%emt 0:00:02]} 6. e3 {[%emt 0:00:00]} c6 {[%emt 0:00:01]} 7. O-O {[%emt 0:00:00]} Nbd7 {[%emt 0:00:02]} 8. d4 {[%emt 0:00:00]} c5 {[%emt 0:00:04]} 9. Nbd2 {[%emt 0:00:01]} cxd4 {[%emt 0:00:02]} 10. exd4 {[%emt 0:00:00]} Nb6 {[%emt 0:00:02]} 11. b3 {[%emt 0:00:01]} Qc7 {[%emt 0:00:01]} 12. Bb2 {[%emt 0:00:01]} Nbd5 {[%emt 0:00:03]} 13. Rc1 {[%emt 0:00:02]} Ne3 {[%emt 0:00:03]} 14. Qe2 {[%emt 0:00:00]} Nxg2 {[%emt 0:00:02]} 15. Kxg2 {[%emt 0:00:01]} Bg4 {[%emt 0:00:04]} 16. h3 {[%emt 0:00:01]} d5 {[%emt 0:00:04]} 17. hxg4 {[%emt 0:00:01]} Ne4 {[%emt 0:00:01]} 18. Nxe4 {[%emt 0:00:01]} dxe4 {[%emt 0:00:02]} 19. Qxe4 {[%emt 0:00:00]} e6 {[%emt 0:00:04]} 20. Ne5 {[%emt 0:00:01]} b6 {[%emt 0:00:03]} 21. c4 {[%emt 0:00:01]} Rae8 {[%emt 0:00:05]} 22. Rcd1 {[%emt 0:00:01]} f5 {[%emt 0:00:01]} 23. gxf5 {[%emt 0:00:01]} exf5 {[%emt 0:00:01]} 24. Qc2 {[%emt 0:00:01]} Bxe5 {[%emt 0:00:02]} 25. fxe5 {[%emt 0:00:01]} Qc6+ {[%emt 0:00:01]} 26. d5 {[%emt 0:00:01] Temps (Lag: Av=0.32s, max=0.5s)} 1-0

[Event "Stay Safe Play From Home 206"]
[Site "T#646635Emanuel Laske"]
[Date "2020.06.07"]
[Round "3"]
[White "Möwe"]
[Black "EL sanbary"]
[Result "0-1"]
[WhiteElo "1483"]
[BlackElo "1924"]
[Annotator "TA"]
[PlyCount "72"]
[EventDate "2020.06.07"]
[EventType "swiss (blitz)"]

{[%evp 12,72,21,12,50,1,64,79,72,56,98,56,62,49,75,58,355,338,29988,29989,29987,777,29988,488,469,337,345,328,658,660,529,41,35,31,37,45,35,0,-18,-74,-64,-271,-254,-312,-304,-339,282,-404,-362,-396,-393,-371,-385,-503,-477,-502,-487,-625,-616,-716,-692,-5230,-1826]} 1. e4 c5 2. Nf3 g6 3. d4 cxd4 4. Qxd4 Nf6 5. e5 Nc6 6. Qf4 Nd5 7. Qe4 e6 {B27: Sicilian: 2 Nf3, unusual Black 2nd moves.} 8. Bc4 Nb6 (8... d6 $1 $11) 9. Bb3 $14 Bg7 {[#] White is better.} 10. O-O $146 ({Predecessor:} 10. Nc3 a6 11. Be3 O-O 12. O-O-O Rb8 13. Bc5 Re8 14. Qe3 Na8 15. Bd6 b5 16. Bxb8 Nxb8 {1-0 (69) Spirou,V (1566)-Hansen,M (1459) Waterkloof 2015}) 10... O-O 11. Bg5 Qc7 {[%cal Rc6e5]} 12. Bf6 Bxf6 13. exf6 Kh8 $2 {[%mdl 8192] [#]} ({Better is} 13... Qd8 $14) 14. Qh4 $1 $18 {[%mdl 512] White threatens Qh6! and mate.} Rg8 $2 (14... h5 $18 15. Qg5 Kh7) 15. Ng5 {[%cal Rg5f7][%mdl 64] Double Attack} h5 16. Nxf7+ Kh7 17. Ng5+ (17. Qg5 $142 Qf4 18. Qxf4 g5 19. Nxg5+ Kg6 20. c3 Nb4 21. cxb4 Kh6 22. f7 Kg7 23. fxg8=Q+ Kxg8 24. Qf7+ {[%mdl 64] Double Attack} Kh8 25. Qh7#) 17... Kh6 18. f7 Rf8 19. Nc3 Nd5 $2 (19... d5 20. a4 Qe7) 20. Bxd5 exd5 21. Nxd5 $2 (21. Rae1 $18 {Threatens to win with Re8.} Qd8 22. f4) 21... Qe5 $14 22. f4 Qxd5 23. Rad1 Qc5+ 24. Kh1 (24. Rf2 $14) 24... d5 $11 25. c3 (25. h3 $11 {keeps the balance.}) 25... Bf5 (25... Ne7 $5 {[%cal Re7f5]} 26. Rd2 Nf5 $15) 26. Nf3 $2 (26. Rfe1 $15 Qc4 27. h3) 26... Rxf7 $19 27. Qg5+ Kg7 28. Nh4 d4 $4 {[%mdl 8192] [#]} (28... Raf8 $19 {avoids the disaster. Strongly threatening ...Rf6.} 29. h3 Rf6) 29. Nxf5+ $4 {[%mdl 8192]} (29. Nxg6 $1 $18 {[%mdl 512]} Raf8 (29... Bxg6 30. Qxc5) 30. Rde1 (30. Nxf8+ Kxf8 31. Rfe1 Qd6 $18) (30. Qxh5 Rg8 $14)) 29... Qxf5 30. Qxf5 Rxf5 ({Weaker is} 30... gxf5 31. cxd4 Rd8 32. Rd2 $19) 31. cxd4 Rd8 32. d5 Rfxd5 {Black is clearly winning.} 33. Rxd5 Rxd5 34. g3 Rd2 35. Rb1 {[#]} h4 $1 36. b4 (36. gxh4 Nd4) 36... h3 {Black used his chance. Accuracy: White = 38%, Black = 47%.} 0-1

[Event "Stay Safe Play From Home 206"]
[Site "T#646635Emanuel Laske"]
[Date "2020.06.07"]
[Round "4"]
[White "Little champs"]
[Black "Fischer_11"]
[Result "1/2-1/2"]
[WhiteElo "2210"]
[BlackElo "2034"]
[Annotator "NA RC"]
[PlyCount "108"]
[EventDate "2020.06.07"]
[EventType "swiss (blitz)"]

1. d4 {[%emt 0:00:01]} e5 {[%emt 0:00:01]} 2. e3 {[%emt 0:00:00]} Nc6 {[%emt 0:00:01]} 3. dxe5 {[%emt 0:00:01]} Nxe5 {[%emt 0:00:01]} 4. Nf3 {[%emt 0:00:00]} Nxf3+ {[%emt 0:00:00]} 5. Qxf3 {[%emt 0:00:01]} Qf6 {[%emt 0:00:00]} 6. Nc3 {[%emt 0:00:00]} Qxf3 {[%emt 0:00:01]} 7. gxf3 {[%emt 0:00:00]} Bb4 {[%emt 0:00:00]} 8. Bd2 {[%emt 0:00:00]} Nf6 {[%emt 0:00:01]} 9. O-O-O {[%emt 0:00:01]} d5 {[%emt 0:00:00]} 10. Nxd5 {[%emt 0:00:02]} Nxd5 {[%emt 0:00:01]} 11. e4 {[%emt 0:00:01]} Bxd2+ {[%emt 0:00:01]} 12. Rxd2 {[%emt 0:00:01]} Nf4 {[%emt 0:00:02]} 13. Bb5+ {[%emt 0:00:01]} c6 {[%emt 0:00:01]} 14. Bc4 {[%emt 0:00:01]} Be6 {[%emt 0:00:01]} 15. Bxe6 {[%emt 0:00:04]} Nxe6 {[%emt 0:00:00]} 16. Rhd1 {[%emt 0:00:01]} Rd8 {[%emt 0:00:01]} 17. Rxd8+ {[%emt 0:00:01]} Nxd8 {[%emt 0:00:00]} 18. f4 {[%emt 0:00:00]} Ne6 {[%emt 0:00:02]} 19. f5 {[%emt 0:00:00]} Nc5 {[%emt 0:00:01]} 20. f3 {[%emt 0:00:00]} Ke7 {[%emt 0:00:02]} 21. b4 {[%emt 0:00:00]} Na6 {[%emt 0:00:02]} 22. a3 {[%emt 0:00:01]} Rd8 {[%emt 0:00:01]} 23. Rg1 {[%emt 0:00:00]} g6 {[%emt 0:00:01]} 24. fxg6 {[%emt 0:00:01]} fxg6 {[%emt 0:00:01]} 25. Rg4 {[%emt 0:00:01]} Kf6 {[%emt 0:00:01]} 26. c3 {[%emt 0:00:01]} h5 {[%emt 0:00:01]} 27. Rg3 {[%emt 0:00:02]} g5 {[%emt 0:00:01]} 28. Kc2 {[%emt 0:00:01]} Nc7 {[%emt 0:00:01]} 29. h4 {[%emt 0:00:04]} Ne6 {[%emt 0:00:00]} 30. hxg5+ {[%emt 0:00:01]} Nxg5 {[%emt 0:00:00]} 31. Rg1 {[%emt 0:00:02]} h4 {[%emt 0:00:04]} 32. Rh1 {[%emt 0:00:01]} Nxf3 {[%emt 0:00:01]} 33. Rh3 {[%emt 0:00:02]} Rd2+ {[%emt 0:00:04]} 34. Kb3 {[%emt 0:00:01]} Rf2 {[%emt 0:00:01]} 35. Kc4 {[%emt 0:00:00]} Ke5 {[%emt 0:00:01]} 36. Kc5 {[%emt 0:00:01]} Kxe4 {[%emt 0:00:04]} 37. Kd6 {[%emt 0:00:01]} Rh2 {[%emt 0:00:04]} 38. Rxh2 {[%emt 0:00:02]} Nxh2 {[%emt 0:00:00]} 39. Kc7 {[%emt 0:00:00]} Ng4 {[%emt 0:00:01]} 40. Kxb7 {[%emt 0:00:00]} h3 {[%emt 0:00:00]} 41. Kxc6 {[%emt 0:00:01]} h2 {[%emt 0:00:00]} 42. Kb7 {[%emt 0:00:00]} h1=Q {[%emt 0:00:00]} 43. Kxa7 {[%emt 0:00:01]} Kd3 {[%emt 0:00:01]} 44. b5 {[%emt 0:00:00]} Kxc3 {[%emt 0:00:01]} 45. b6 {[%emt 0:00:01]} Qg1 {[%emt 0:00:04]} 46. Ka6 {[%emt 0:00:02]} Qc5 {[%emt 0:00:00]} 47. b7 {[%emt 0:00:01]} Kc4 {[%emt 0:00:00]} 48. b8=Q {[%emt 0:00:01]} Qxa3+ {[%emt 0:00:01]} 49. Kb7 {[%emt 0:00:01]} Qb3+ {[%emt 0:00:00]} 50. Kc7 {[%emt 0:00:01]} Qe3 {[%emt 0:00:00]} 51. Qg8+ {[%emt 0:00:03]} Kd3 {[%emt 0:00:01]} 52. Qxg4 {[%emt 0:00:01]} Kd2 {[%emt 0:00:01]} 53. Qb4+ {[%emt 0:00:02]} Qc3+ {[%emt 0:00:00]} 54. Qxc3+ {[%emt 0:00:01]} Kxc3 {[%emt 0:00:00] (Lag: Av=0.49s, max=0.8s)} 1/2-1/2